000 00427nam a22001697a 4500
005 20180131115920.0
008 160629b xxu||||| |||| 00| 0 eng d
020 _a81-89757-27-X
041 _aeng
082 _b12785
_a004.16
100 _aMarrwala, Nikhil
_94018
245 _aMicroprocessors & Interfacing
_cNikhil Marriwala
260 _bKatson
_c2011
300 _a838
650 _aDiploma Engineering
_9817
942 _cBK
999 _c4741
_d4739